000 00801nam a22002417a 4500
999 _c33646
_d33646
001 2918
003 CO-MdFUSB
005 20180622073125.0
008 171127s1954 xxu||||| |||| 00| 0 eng d
020 _a0-8028-2182-0
040 _aCO-MdFUSB
_bspa
_cCO-MdFUSB
_dCO-MdFUSBC
_erda
041 0 _aeng
082 0 4 _aG 226.6 B8863c
100 1 _aBruce, F. F. (Frederick Fyvie) (1910-)
_eautor
245 1 0 _aCommentary on the book of the Acts
_b : The English text with introduction, exposition and notes
_c / F. F. Bruce
264 1 _aGrand Rapids, MI., USA :
_bEerdmans,
_c[1954]
300 _a555 Pag
336 _2rdacontent
_atexto
_btxt
337 _2rdamedia
_asin mediación
_bn
338 _2rdacarrier
_avolumen
_bnc
653 _aBiblia N.T - Hechos de los apóstoles - Comentarios
942 _cBK